Colección de cuadros sinópticos sobre Historia, Geografía, Literatura, Odas de Horacio, Estudios y discursos con el programa de Retórica y Poética / (Record no. 161211)

MARC details
000 -LEADER
campo de control de longitud fija 01095nam a22002655i 4500
001 - NÚMERO DE CONTROL
campo de control 161211
003 - IDENTIFICADOR DE NÚMERO DE CONTROL
campo de control ES-MaACL
005 - FECHA Y HORA DE LA ÚLTIMA TRANSACCIÓN
campo de control 20230906212223.0
008 - DATOS DE LONGITUD FIJA--INFORMACIÓN GENERAL
campo de control de longitud fija 020408q18951898sp |||| | spa d
040 ## - FUENTE DE CATALOGACIÓN
Centro catalogador/agencia de origen NA
Lengua de catalogación spa
Centro/agencia transcriptor NA
100 0# - ENTRADA PRINCIPAL--NOMBRE DE PERSONA
Nombre de persona Ozcariz y Lasaga, Víctor.
9 (RLIN) 88071
245 10 - MENCIÓN DEL TÍTULO
Título Colección de cuadros sinópticos sobre Historia, Geografía, Literatura, Odas de Horacio, Estudios y discursos con el programa de Retórica y Poética /
Mención de responsabilidad, etc. por Victor Ozcariz y Lasaga.
260 ## - PUBLICACIÓN, DISTRIBUCIÓN, ETC.
Lugar de publicación, distribución, etc. Gerona :
Nombre del editor, distribuidor, etc. [s.n.],
Fecha de publicación, distribución, etc. [s.a.] (
Fabricante Imprenta y Librería de Paciano Torres)
300 ## - DESCRIPCIÓN FÍSICA
Extensión VI, 66 p. ;
Dimensiones 23 cm.
490 1# - MENCIÓN DE SERIE
Mención de serie El Panorama Literario
505 8# - NOTA DE CONTENIDO CON FORMATO
Nota de contenido con formato Contiene: 1ª Parte: Cuadros sinópticos
510 4# - NOTA DE CITAS O REFERENCIAS BIBLIOGRÁFICAS
Nombre de la fuente Indices de impresores, editores e ilustradores. S. XIX
596 #1 - NOTA AL PIE DE IMPRENTA
NOTA AL PIE DE IMPRENTA Fechas de la actividad conocida del impresor, 1895-1898.
650 #4 - PUNTO DE ACCESO ADICIONAL DE MATERIA--TÉRMINO DE MATERIA
Término de materia o nombre geográfico como elemento de entrada Retórica.
9 (RLIN) 16882
650 #4 - PUNTO DE ACCESO ADICIONAL DE MATERIA--TÉRMINO DE MATERIA
Término de materia o nombre geográfico como elemento de entrada Poética.
9 (RLIN) 16254
830 0# - PUNTO DE ACCESO ADICIONAL DE SERIE-TÍTULO UNIFORME
Título uniforme El Panorama Literario
9 (RLIN) 222093
852 ## - LOCALIZACIÓN
Ubicación ES-MaACL
Número de control de estantería G-12075
Nota libre -- Enc. cartón
-- -- Dedicatoria ms. del autor al Ateneo
852 ## - LOCALIZACIÓN
Ubicación ES-MaACL
Número de control de estantería T-468-F-22
Holdings
Estatus retirado Estado de pérdida Estado de daño No para préstamo Biblioteca de origen Biblioteca actual Ubicación en estantería Fecha de adquisición Fuente de adquisición Total de préstamos Signatura topográfica completa Código de barras Visto por última vez Precio de reemplazo Tipo de ítem Koha Colección
        Biblioteca del Ateneo de Madrid Biblioteca del Ateneo de Madrid Sala Pecera Planta 3 17/01/2008     G-12075 1168855 23/02/2023 23/02/2023 Libro impreso  
        Biblioteca del Ateneo de Madrid Biblioteca del Ateneo de Madrid Depósito folletos 03/04/2009     T-468-F-22 1179220 23/02/2023 23/02/2023 Folleto Colección de folletos